LEADER 00582oam 2200193z- 450 001 9910554047803321 010 $a1-66544-509-2 035 $a(CKB)4100000012108937 035 $a(EXLCZ)994100000012108937 100 $a20220628c2021uuuu -u- - 101 0 $aeng 200 00$a2021 IEEE/CVF Conference on Computer Vision and Pattern Recognition (CVPR) 210 $cIEEE 311 $a1-66544-510-6 517 $a2021 IEEE/CVF Conference on Computer Vision and Pattern Recognition 906 $aPROCEEDING 912 $a9910554047803321 996 $a2021 IEEE$92518023 997 $aUNINA